[Event "20th IPCA World-ch 2021"]
[Site "Torrevieja"]
[Date "2021.10.20"]
[Round "3.5"]
[White "Aleksandrova, Aleksandra"]
[Black "Anfinogenov, Artem"]
[Result "0-1"]
[WhiteElo "1728"]
[BlackElo "2032"]
[Annotator "TA"]
[PlyCount "56"]
[EventDate "2021.10.19"]
[EventType "swiss"]
[EventRounds "9"]
[EventCountry "ESP"]
[SourceTitle "playchess.com"]
[Source "ChessBase"]
[SourceQuality "1"]

{[%evp 9,56,-68,11,0,9,-14,-14,-37,-38,-41,-28,-30,-27,-64,-45,-66,49,-92,-61,-158,-128,-195,-180,-310,-316,-396,-385,-379,-364,-789,-440,-566,-570,-751,-804,-813,-807,-815,-813,-802,-814,-797,-805,-770,-751,-781,-763,-944,-785]} 1. d3 d5 2. c3 c5 3. Qc2 e5 4. e4 Nc6 5. Be2 {[#]} f5 $146 (5... Nf6 $15) ({Predecessor:} 5... Be6 6. Nf3 Be7 7. O-O h6 8. Nbd2 Nf6 9. Re1 d4 10. Nf1 Qd7 11. Bd2 O-O {1-0 (36) Colombo,P (2161)-Baumgartner,H (2338) Dresden 2005}) 6. exd5 $11 {A00: Irregular Openings.} Qxd5 7. Bf3 Qe6 8. Nh3 {The position is equal.} Bd7 9. Na3 O-O-O 10. O-O h6 11. Re1 g5 12. Nc4 Bg7 (12... e4 $1 $15 13. Qb3 Nf6) 13. Kf1 (13. Be3 $14) 13... b5 {White is on the road to losing.} 14. Na3 {[#]} ({White should try} 14. Bxc6 $15 bxc4 15. Bxd7+ Rxd7 16. dxc4) 14... a6 $1 $17 15. Bd1 (15. Be2 $17) 15... Qd6 $19 16. Qe2 (16. f3 $142) 16... Nf6 17. f3 e4 18. dxe4 fxe4 19. fxe4 $2 (19. Kg1 exf3 20. Qxf3) 19... Bg4 {Black is clearly winning.} 20. Qf2 Bxd1 21. Bxg5 hxg5 22. Raxd1 Qxd1 23. Rxd1 Rxd1+ 24. Ke2 {[#]} Rd2+ $1 {[%mdl 576] Skewer, Decoy} 25. Kxd2 Nxe4+ {[%mdl 64] Double Attack} 26. Ke2 Nxf2 27. Kxf2 Bf6 28. Kg3 Kd7 {Weighted Error Value: White=0.75/Black=0.39} 0-1

[Event "20th IPCA World-ch 2021"]
[Site "Torrevieja"]
[Date "2021.10.20"]
[Round "3.6"]
[White "Zavarsky, Juraj"]
[Black "Nikitskaya, Varvara"]
[Result "1/2-1/2"]
[WhiteElo "1975"]
[BlackElo "1173"]
[Annotator "TA"]
[PlyCount "90"]
[EventDate "2021.10.19"]
[EventType "swiss"]
[EventRounds "9"]
[EventCountry "ESP"]
[SourceTitle "playchess.com"]
[Source "ChessBase"]
[SourceQuality "1"]

{[%evp 12,90,21,19,64,41,49,-85,-72,-74,-79,-72,-71,-81,-44,-40,-40,-41,0,-18,0,0,21,0,18,0,0,0,2,5,4,2,3,-24,-20,-27,-22,-24,-5,-5,-2,-10,0,0,0,0,0,0,12,0,1,2,37,11,12,10,37,37,37,37,37,37,48,37,37,0,0,-19,37,37,37,37,37,37,37,30,30,30,37,30,37]} 1. e4 e5 2. Nf3 Nc6 3. Bb5 f5 4. Nc3 fxe4 5. Nxe4 Nf6 6. Nxf6+ Qxf6 7. O-O Bc5 {C63: Ruy Lopez: Schliemann/Jaenisch Defence.} 8. Bxc6 dxc6 9. Nxe5 Qxe5 $17 {Black is better.} 10. Re1 {[#]} Bxf2+ $1 11. Kxf2 O-O+ 12. Kg1 Qd4+ 13. Re3 $1 Bg4 14. Qe1 {[#]} Rf7 $146 (14... Rae8 $5 15. d3 Bd7 $15) ({Predecessor:} 14... Rf6 15. c3 Qb6 16. d4 Bh5 17. Re6 Raf8 18. Rxf6 Rxf6 19. Bg5 Rf7 20. Qe8+ Rf8 21. Qxh5 Qxb2 {1-0 (67) Andriasian,S-Nikolova,A Rimavska Sobota 1996}) 15. c3 Qf6 16. h3 Bh5 17. Re6 Qf5 18. Re5 Qg6 {Hoping for ...Raf8.} 19. d4 {With the idea Rg5.} Raf8 {[#] White must now prevent ...h6.} 20. Be3 ({Don't go for} 20. g4 $2 Bxg4 21. Be3 (21. hxg4 {leads to mate.} Qxg4+ 22. Kh2 Rf2+ 23. Qxf2 Rxf2+ 24. Kh1 Qg2#) 21... Bxh3+ 22. Rg5 Qc2 $19) 20... h6 {...Bf3 is the strong threat.} 21. Kh2 Rf5 22. Qg3 (22. Rxf5 {seems wilder.} Rxf5 23. Bf2 Rf4 24. Qd2 Qf7 25. Bg3) 22... Rxe5 23. Qxg6 Bxg6 24. dxe5 $11 {[%mdl 4096] Endgame KRB-KRB} Rf5 25. Bxa7 Rxe5 26. Rf1 Ra5 27. Bb8 Rxa2 28. Rf2 b5 29. Bxc7 c5 30. Bd6 c4 31. Ba3 Bf7 32. h4 Ra1 33. Rf5 Re1 34. Rxb5 Re4 35. Kg3 Be6 36. h5 Kf7 37. Rb7+ Kf6 38. Bc5 Rg4+ 39. Kf3 (39. Kf2 {feels hotter.} Rxg2+ 40. Ke3 Kf5 41. Bf8 Kf6 42. Rc7) 39... Bd5+ ({Black should try} 39... Kf5 $1 $11 40. Kf2 Bd5) 40. Kxg4 $14 Bxb7 {KB-KB} 41. Bd4+ Kf7 42. g3 g6 43. hxg6+ Kxg6 44. Kf4 Bc6 45. Ke5 Ba4 {Weighted Error Value: White=0.12/Black=0.13} 1/2-1/2

[Event "20th IPCA World-ch 2021"]
[Site "Torrevieja"]
[Date "2021.10.20"]
[Round "3.8"]
[White "Nazarov, Nicolai"]
[Black "Kaydanovich, Marina"]
[Result "0-1"]
[WhiteElo "1770"]
[BlackElo "1737"]
[Annotator "NA RC"]
[PlyCount "42"]
[EventDate "2021.10.19"]
[EventType "swiss"]
[EventRounds "9"]
[EventCountry "ESP"]
[SourceTitle "playchess.com"]
[Source "ChessBase"]
[SourceQuality "1"]
[TimeControl "5400+30"]

1. e4 c5 2. c3 Nf6 3. e5 Nd5 4. d4 cxd4 5. cxd4 e6 6. a3 Be7 7. Nc3 Nxc3 8. bxc3 d6 9. f4 dxe5 10. fxe5 Bh4+ 11. g3 Qd5 12. Nf3 Bd8 13. Bd3 Ba5 14. Bd2 Bd7 15. O-O Bc6 16. c4 Qd8 17. Ng5 Qxd4+ 18. Rf2 Bxd2 19. Qxd2 Qxa1+ 20. Bf1 O-O 21. Nxf7 Nd7 0-1

[Event "20th IPCA World-ch 2021"]
[Site "Torrevieja"]
[Date "2021.10.20"]
[Round "3.10"]
[White "Kimsanboyev, Axadxon"]
[Black "Wollner, Bohus"]
[Result "1-0"]
[WhiteElo "1636"]
[BlackElo "1107"]
[Annotator "NA RC"]
[PlyCount "47"]
[EventDate "2021.10.19"]
[EventType "swiss"]
[EventRounds "9"]
[EventCountry "ESP"]
[SourceTitle "playchess.com"]
[Source "ChessBase"]
[SourceQuality "1"]
[TimeControl "5400+30"]

1. d4 d5 2. Bf4 Nc6 3. e3 Nf6 4. c4 e6 5. Nc3 a6 6. Nf3 h6 7. h3 Bb4 8. Qc2 O-O 9. Bd3 Bd6 10. Bxd6 Qxd6 11. a3 Qe7 12. cxd5 exd5 13. O-O Re8 14. Rac1 Qd6 15. Na4 Bd7 16. Nc5 Bc8 17. Nxa6 bxa6 18. Qxc6 Qxc6 19. Rxc6 Re7 20. Rfc1 Ra7 21. Ne5 Kf8 22. b4 Ne8 23. R6c5 Nd6 24. Nc6 1-0

[Event "20th IPCA World-ch 2021"]
[Site "Torrevieja"]
[Date "2021.10.21"]
[Round "4.1"]
[White "Tsapalin, Sergey"]
[Black "Obodchuk, Andrei"]
[Result "0-1"]
[WhiteElo "1981"]
[BlackElo "2303"]
[Annotator "TA"]
[PlyCount "120"]
[EventDate "2021.10.19"]
[EventType "swiss"]
[EventRounds "9"]
[EventCountry "ESP"]
[SourceTitle "playchess.com"]
[Source "ChessBase"]
[SourceQuality "1"]

{[%evp 18,120,32,8,54,59,54,47,54,68,66,38,49,45,59,40,41,35,38,43,50,43,96,100,101,76,85,58,175,179,192,179,210,193,224,231,221,217,244,223,225,136,149,118,239,250,248,210,238,138,128,131,151,0,0,0,27,0,0,0,0,0,0,0,0,0,0,0,0,0,0,-100,-54,-82,0,-340,-310,-539,45,53,37,21,22,-5110,-4344,-29970,-10739,-29978,-29979,-29978,-29978,-29975,-29977,-29980,-29982,-29982,-29983,-29983,-29984,-29984,-29984,-29984,-29985,-29985,-29986]} 1. c4 g6 2. Nc3 Bg7 3. d4 d6 4. e4 Nf6 5. Be2 O-O 6. Bg5 Na6 7. h4 h6 8. Be3 e5 9. d5 Nc5 10. Qc2 h5 {E73: King's Indian: Averbakh Variation without 6...c5.} 11. f3 c6 {[#]} 12. Nh3 $146 ({Predecessor:} 12. b4 Na6 13. a3 cxd5 14. cxd5 Nh7 15. Bd3 f5 16. Nge2 Bd7 17. O-O-O Nc7 18. Kb2 b5 19. Rc1 {1-0 (54) Zanan,E (2535)-Agibileg,U (2413) Belgrade 2021}) 12... cxd5 {White is slightly better.} 13. cxd5 Bd7 14. Nf2 Rc8 15. Qd2 a6 16. Bd1 {Hoping for b4.} a5 17. Nd3 b5 {...b4 is the strong threat.} 18. Nxc5 dxc5 19. Qf2 Qe7 (19... c4 $14) 20. a4 b4 21. Nb5 c4 22. Na7 Ra8 (22... Rc7 $1 $14) 23. Bc5 $18 Qd8 24. Be2 $36 {[%mdl 2048] White has strong initiative.} Qc7 {intending ...c3.} 25. d6 Qb7 26. Bxc4 Be6 27. Bb5 Bd7 28. O-O Bh6 29. Bxd7 Nxd7 30. Nb5 Ra6 (30... Nxc5 $16 31. Qxc5 Rfc8) 31. Be3 $1 {[%cal Re3h6]} Bxe3 32. Qxe3 Rc8 33. Rfc1 (33. Qg5 $18) 33... Rac6 $16 34. Rxc6 Rxc6 35. Rc1 $2 ({White should play} 35. Kh1 $16) 35... Qb6 $11 36. Re1 Rc1 {( -> ...Qxe3+)} 37. Qxb6 {White wants to mate with Qd8+.} (37. Kh2 {with more complications.} Qxe3 38. Rxe3 Rc2 39. b3 Rd2 40. Re1) 37... Rxe1+ 38. Kf2 {Threatening mate with Qd8+.} Nxb6 39. Kxe1 {[%mdl 4096] Endgame KN-KN} Kf8 40. b3 Ke8 $1 41. Kd2 Kd7 42. Kd3 Kc6 43. g4 Nd7 $1 44. g5 (44. gxh5 $11 gxh5 45. Nc7) 44... Nc5+ $1 $17 45. Kc4 Ne6 $1 {[%cal Re6g5] Threatens to win with ...Nxg5!} 46. d7 $2 {[%mdl 8192]} (46. Kd3 $1 $11) 46... Kxd7 $19 47. Kd5 $2 {[#]} (47. Kd3 {was the only chance.}) 47... Nf4+ $2 ({Black should try} 47... Nxg5 $1 $19 {[%mdl 512]} 48. Kxe5 (48. hxg5 $2 h4 $19) 48... Nxf3+ {[%mdl 64] Double Attack} 49. Kf4 Nxh4) 48. Kxe5 $14 Ng2 49. Kf6 Nxh4 50. Kxf7 $2 {[%mdl 8192]} (50. f4 $11 Ng2 51. f5 gxf5 52. e5 (52. Kxf5 Ne3+ 53. Kf4 Nc2 $17) (52. exf5 h4 $11) (52. Kxf7 fxe4 53. Nd4 Nf4 $19)) 50... Nxf3 $19 51. Kxg6 h4 52. Kf6 {[#]} Nxg5 $1 {[%mdl 576] Promotion. Black mates.} 53. Kxg5 {KN-K3P} (53. e5 h3) 53... h3 54. Kf6 h2 55. e5 h1=Q 56. e6+ Kc6 57. Nd4+ Kd5 58. e7 Qh4+ 59. Kf7 Qh5+ 60. Kf8 Kxd4 {What a bad dream for White.  Weighted Error Value: White=0.68/Black=0.19} 0-1

[Event "20th IPCA World-ch 2021"]
[Site "Torrevieja"]
[Date "2021.10.21"]
[Round "4.2"]
[White "Gurbanov, Andrei"]
[Black "Gedgafov, Chamal"]
[Result "1-0"]
[WhiteElo "2252"]
[BlackElo "2202"]
[Annotator "TA"]
[PlyCount "51"]
[EventDate "2021.10.19"]
[EventType "swiss"]
[EventRounds "9"]
[EventCountry "ESP"]
[SourceTitle "playchess.com"]
[Source "ChessBase"]
[SourceQuality "1"]

{[%evp 9,51,-2,21,22,35,16,50,47,55,57,50,51,47,43,53,50,70,63,70,67,66,77,87,78,252,250,476,443,465,396,449,443,409,301,299,267,475,299,1440,1416,29986,29987,29990,29991]} 1. d4 Nf6 2. c4 e6 3. Nf3 b6 4. g3 Ba6 5. Qc2 Bb7 6. Bg2 {E15: Queen's Indian: 4 g3 sidelines, 4 g3 Ba6 and 4 g3 Bb7 early deviations.} Be7 7. O-O O-O 8. Nc3 {White is slightly better.} d5 9. cxd5 exd5 10. Bf4 c6 11. Rad1 {[#]} h6 $146 ({Predecessor:} 11... Re8 12. Rfe1 Na6 13. a3 Nc7 14. Ne5 Ne6 15. Bc1 Nd7 16. Nf3 Nf6 17. Bh3 Bf8 {1-0 (47) Monroy Garzon,N (2094)-Puppi Lazo,S (1753) Manta 2017}) 12. Rfe1 Re8 13. Ne5 Bb4 14. a3 Bxc3 15. Qxc3 Nfd7 16. e4 g5 $2 {Black cannot hold the game after this.} (16... Nxe5 $16 {was worth a try.} 17. dxe5 (17. Bxe5 Nd7 $14) 17... Na6) 17. Bc1 $18 dxe4 $2 (17... Nxe5 18. dxe5 Nd7) 18. Bxe4 Qf6 19. f4 {[#] And now fxg5 would win.} Qg7 20. fxg5 hxg5 21. Qf3 Nf6 22. Bb1 Nd5 $2 {[#]} (22... Nbd7 23. Nxc6 Rxe1+ 24. Rxe1 Re8 25. Rxe8+ Nxe8) 23. Qh5 Re7 $2 (23... Nf6 24. Qxg5 Qxg5 25. Bxg5 Nbd7 26. Bxf6 Nxf6) 24. Bxg5 Rxe5 25. dxe5 Nd7 26. Bh6 {Weighted Error Value: White=0.22/Black=0.63} 1-0

[Event "20th IPCA World-ch 2021"]
[Site "Torrevieja"]
[Date "2021.10.21"]
[Round "4.3"]
[White "Glazar, Domagoj"]
[Black "Moya Albaladejo, Jose Antonio"]
[Result "0-1"]
[WhiteElo "2142"]
[BlackElo "1923"]
[Annotator "TA"]
[PlyCount "74"]
[EventDate "2021.10.19"]
[EventType "swiss"]
[EventRounds "9"]
[EventCountry "ESP"]
[SourceTitle "playchess.com"]
[Source "ChessBase"]
[SourceQuality "1"]

{[%evp 17,74,23,31,-22,-9,-16,4,-6,-18,-46,-46,-46,-46,-46,-46,-46,-41,-82,-84,-89,-78,-213,-208,-213,-267,-447,-447,-448,-414,-436,-435,-518,-489,-599,-586,-684,-679,-648,-597,-585,-578,-537,-527,-626,-624,-1068,-1033,-2095,-1639,-12839,-6833,-29990,-29991,-29991,-29992,-29993,-29994,-29994,-29995]} 1. e4 c5 2. Nc3 Nc6 3. Nge2 e6 4. d4 cxd4 5. Nxd4 Nf6 6. Nxc6 bxc6 7. e5 Nd5 8. Ne4 Qc7 9. f4 Qb6 10. Qe2 {B45: Sicilian Four Knights.} ({White should try} 10. c4 $14) 10... a5 {[%cal Ba7a5,Ba5a4][%mdl 32]} 11. a3 Ba6 12. c4 {[#]The position is equal.} Qd4 $1 13. Qd3 (13. Rb1 Rb8) 13... Qxd3 14. Bxd3 Nb6 $1 15. b3 a4 $1 16. Be3 {[#]} Nd5 {[%cal Rd5e3] [#]} 17. cxd5 $146 {aiming for Bxa6.} (17. Kd2 Nxe3) ({Predecessor:} 17. Ke2 Nxe3 18. Kxe3 axb3 19. Rhb1 Rb8 20. c5 b2 21. Bxa6 Rb3+ 22. Bd3 bxa1=Q 23. Rxa1 {½-½ (56) Tsydypov,Z (2438)-Kryukov,D (2235) Voronezh 2016}) 17... Bxd3 18. Nf2 Bb5 19. dxe6 {White does not recover from this.} (19. bxa4 $17 Rxa4 20. d6) 19... axb3 $19 20. exd7+ Kxd7 21. Bc1 $2 {[#]} (21. Ne4 b2 22. Rd1+ Kc7 23. Kf2) 21... Bb4+ $1 {[%mdl 512]} 22. Bd2 Bxa3 23. Bc3 Ke6 {Hoping for ...Bb4!} 24. g4 g6 {White must now prevent ...Bb4!} ({Not} 24... Bb4 25. f5+ Kd5 26. O-O-O+ Kc4 27. Bb2 $17) 25. Ne4 b2 26. Rb1 Bd3 27. Ng5+ Kd5 28. Kd2 Bxb1 29. Rxb1 h6 30. Nxf7 Rhf8 31. Nxh6 Rxf4 32. Ke3 Re4+ 33. Kd3 Rf8 34. Rd1 Rf3+ {Black mates.} 35. Kc2+ Kc4 36. Be1 Re2+ 37. Kb1 Rf1 {Weighted Error Value: White=1.29/Black=0.04} 0-1

[Event "20th IPCA World-ch 2021"]
[Site "Torrevieja"]
[Date "2021.10.21"]
[Round "4.4"]
[White "Anfinogenov, Artem"]
[Black "Zakharova, Evgeniya"]
[Result "1-0"]
[WhiteElo "2032"]
[BlackElo "2045"]
[Annotator "TA"]
[PlyCount "45"]
[EventDate "2021.10.19"]
[EventType "swiss"]
[EventRounds "9"]
[EventCountry "ESP"]
[SourceTitle "playchess.com"]
[Source "ChessBase"]
[SourceQuality "1"]

{[%evp 9,45,31,48,43,68,68,71,70,67,61,58,40,75,71,66,67,73,56,60,63,116,101,111,75,132,27,27,25,29,43,30,36,584,574,577,577,563,571]} 1. e4 d5 2. exd5 Qxd5 3. Nc3 Qd6 4. d4 Nf6 5. Nf3 c6 6. h3 {B01: Scandinavian Defence.} Nbd7 7. Bd3 g6 8. O-O {White is better.} Bg7 9. Re1 O-O 10. Be3 {[#]} a6 $146 ({Predecessor:} 10... Nb6 11. Qd2 Re8 12. Ne5 Nbd5 13. Nxd5 Nxd5 14. Bh6 Bh8 15. c4 Nc7 16. c5 Qxd4 {½-½ (50) Samaridis,K (2105)-Djordjevic,V (2347) Chess.com INT 2020}) 11. a4 $36 {[%mdl 2048] Keeping Black busy.} b6 12. Qd2 e6 13. Bf4 Qe7 14. Ne5 Bb7 {[#]} (14... Nxe5 $14 15. dxe5 (15. Bxe5 Bb7 $14) 15... Nd5) 15. Nc4 $1 $16 Ne8 16. Ne4 Bxd4 ({Black should play} 16... c5) 17. Ncd6 (17. Bg5 $16 f6 18. Bh6) 17... Ndf6 $11 18. Nxb7 Qxb7 {[#]} 19. Bxa6 $1 Qd7 {[#]} 20. Bh6 $1 Bxb2 $2 {[%mdl 8192] [#]} (20... Rxa6 $14 21. Nxf6+ Nxf6 22. Bxf8 Kxf8) 21. Qb4 $1 $18 {[%csl Gh6][%cal Rb4f8][%mdl 64] Double Attack. White is clearly winning.} c5 22. Qxb2 Nxe4 23. Bb5 {Weighted Error Value: White=0.12/Black=0.41} ({Not} 23. Rxe4 Rxa6 24. Bxf8 Kxf8 $18) 1-0

[Event "20th IPCA World-ch 2021"]
[Site "Torrevieja"]
[Date "2021.10.21"]
[Round "4.5"]
[White "Vasquez, Georges"]
[Black "Zavarsky, Juraj"]
[Result "1/2-1/2"]
[WhiteElo "1864"]
[BlackElo "1975"]
[Annotator "TA"]
[PlyCount "36"]
[EventDate "2021.10.19"]
[EventType "swiss"]
[EventRounds "9"]
[EventCountry "ESP"]
[SourceTitle "playchess.com"]
[Source "ChessBase"]
[SourceQuality "1"]

{[%evp 14,36,33,15,31,27,41,30,40,26,43,24,54,42,154,118,109,42,131,16,18,10,16,17,14]} 1. d4 Nf6 2. Bf4 b6 3. e3 e6 4. Nf3 Bb7 5. Nbd2 c5 6. c3 cxd4 7. exd4 Be7 8. Bd3 {8.h3 is the hot move.} h6 {A47: 1 d4 Nf6 2 Nf3 b6: Torre, London and Colle Systems.} 9. O-O {[#]} Nh5 $146 ({Predecessor:} 9... a6 10. h3 d6 11. Qe2 Nbd7 12. Bh2 Nf8 13. Ne4 N8h7 14. Rfe1 O-O 15. Nxf6+ Nxf6 16. Nd2 {0-1 (43) Feijo,F (1877)-Nunes,M (2069) Joao Pessoa 2014}) 10. Be3 d6 {White has an edge.} 11. Re1 Nf6 12. Nf1 Nd5 13. Bd2 Bg5 ({Black should play} 13... Nd7 $14) 14. Be4 Bxd2 15. Qxd2 (15. N3xd2 $16 {aiming for c4.} Bc6 16. c4) 15... Qc7 {[#]} (15... Qd7 $14) 16. Ne3 (16. c4 $1 $16 {[%cal Rc4d5]} Ne7 17. d5) 16... Nxe3 $11 {The position is equal.} 17. Qxe3 {With the idea d5.} O-O 18. Bxb7 Qxb7 {Weighted Error Value: White=0.29/Black=0.28} 1/2-1/2

[Event "20th IPCA World-ch 2021"]
[Site "Torrevieja"]
[Date "2021.10.21"]
[Round "4.6"]
[White "Kaydanovich, Marina"]
[Black "Petrov, Maksim"]
[Result "1/2-1/2"]
[WhiteElo "1737"]
[BlackElo "1568"]
[Annotator "NA RC"]
[PlyCount "67"]
[EventDate "2021.10.19"]
[EventType "swiss"]
[EventRounds "9"]
[EventCountry "ESP"]
[SourceTitle "playchess.com"]
[Source "ChessBase"]
[SourceQuality "1"]
[TimeControl "5400+30"]

1. d4 d5 2. Nf3 Nf6 3. g3 e6 4. Bg2 c5 5. Nc3 Nc6 6. e3 Bd6 7. O-O O-O 8. Nb5 Be7 9. Qe2 a6 10. Nc3 Bd7 11. Rd1 Rc8 12. e4 cxd4 13. Nxd4 Nxd4 14. Rxd4 e5 15. Rd1 d4 16. Nd5 Bb5 17. Nxe7+ Qxe7 18. Qd2 Qc7 19. a4 Bd7 20. c3 dxc3 21. bxc3 Rfd8 22. Qe1 Bg4 23. Rxd8+ Rxd8 24. Be3 Rd3 25. c4 Be6 26. c5 Qc6 27. f3 Nd7 28. Bf1 Rb3 29. Qc1 Rb4 30. a5 Ra4 31. Ra3 f6 32. Qc3 Rxa3 33. Qxa3 Qc7 34. Qb4 1/2-1/2

[Event "20th IPCA World-ch 2021"]
[Site "Torrevieja"]
[Date "2021.10.21"]
[Round "4.7"]
[White "Nikitskaya, Varvara"]
[Black "Kimsanboyev, Axadxon"]
[Result "1/2-1/2"]
[WhiteElo "1173"]
[BlackElo "1636"]
[Annotator "NA RC"]
[PlyCount "76"]
[EventDate "2021.10.19"]
[EventType "swiss"]
[EventRounds "9"]
[EventCountry "ESP"]
[SourceTitle "playchess.com"]
[Source "ChessBase"]
[SourceQuality "1"]
[TimeControl "5400+30"]

1. e4 c5 2. Nf3 Nc6 3. d4 cxd4 4. Nxd4 Nf6 5. Nc3 e5 6. Ndb5 d6 7. a4 a6 8. Na3 Be7 9. Bg5 Be6 10. Bxf6 Bxf6 11. Bc4 O-O 12. Nd5 Bg5 13. O-O Ne7 14. c3 Nxd5 15. Bxd5 Bxd5 16. Qxd5 Qc7 17. Nc2 Qb6 18. Rab1 Rac8 19. a5 Qc7 20. Nb4 Qe7 21. Qd2 Qe6 22. Nd5 Kh8 23. b4 f5 24. Qe2 fxe4 25. Qxe4 Rc6 26. Rbd1 Qh6 27. Rd3 g6 28. Rfd1 Qg7 29. c4 Qf7 30. Rf3 Qg8 31. Rxf8 Qxf8 32. Nb6 Bd8 33. b5 axb5 34. cxb5 Rc7 35. g3 Rf7 36. Nc4 Rxf2 37. Nxd6 Bxa5 38. Qxe5+ Qf6 1/2-1/2

[Event "20th IPCA World-ch 2021"]
[Site "Torrevieja"]
[Date "2021.10.21"]
[Round "4.9"]
[White "Pilimon, Zbigniew"]
[Black "Aleksandrova, Aleksandra"]
[Result "1-0"]
[WhiteElo "1638"]
[BlackElo "1728"]
[Annotator "NA RC"]
[PlyCount "115"]
[EventDate "2021.10.19"]
[EventType "swiss"]
[EventRounds "9"]
[EventCountry "ESP"]
[SourceTitle "playchess.com"]
[Source "ChessBase"]
[SourceQuality "1"]
[TimeControl "5400+30"]

1. d4 d6 2. c4 c6 3. Nc3 f5 4. e4 fxe4 5. Nxe4 Bf5 6. Bd3 Na6 7. Nf3 Nf6 8. Qe2 Nxe4 9. Bxe4 g6 10. O-O Qd7 11. Re1 h6 12. Bd2 Kf7 13. Bc3 Re8 14. d5 Bg7 15. Bxg7 Kxg7 16. Nd4 cxd5 17. Bxf5 gxf5 18. Ne6+ Kf6 19. Qd2 Reg8 20. Qd4+ Kf7 21. Qxd5 Ke8 22. a3 Qc6 23. b4 Rg4 24. Rac1 Rhg8 25. g3 f4 26. Nxf4 Nc7 27. Qf5 R8g5 28. Qc8+ Kf7 29. Nd5 Nxd5 30. Qe6+ Kg7 31. cxd5 Qxd5 32. Qxe7+ Kh8 33. Qf8+ Kh7 34. Rc7+ Rg7 35. Rxg7+ Rxg7 36. Qf4 Qd3 37. Qe4+ Qxe4 38. Rxe4 d5 39. Rd4 Rd7 40. f4 Kg6 41. g4 h5 42. h3 hxg4 43. hxg4 Kf6 44. Kf2 Ke6 45. a4 Rc7 46. Ke3 Rc3+ 47. Rd3 Rc4 48. Rb3 Re4+ 49. Kf3 Rc4 50. a5 b5 51. Re3+ Kd6 52. f5 Rxb4 53. Re6+ Kd7 54. g5 Rb3+ 55. Kf4 d4 56. g6 Rb1 57. g7 Rg1 58. Rg6 1-0

[Event "20th IPCA World-ch 2021"]
[Site "Torrevieja"]
[Date "2021.10.22"]
[Round "5.1"]
[White "Moya Albaladejo, Jose Antonio"]
[Black "Obodchuk, Andrei"]
[Result "0-1"]
[WhiteElo "1923"]
[BlackElo "2303"]
[Annotator "TA"]
[PlyCount "134"]
[EventDate "2021.10.19"]
[EventType "swiss"]
[EventRounds "9"]
[EventCountry "ESP"]
[SourceTitle "playchess.com"]
[Source "ChessBase"]
[SourceQuality "1"]

{[%evp 20,134,0,0,0,0,0,-60,-60,-67,-65,-105,-93,-99,-93,-93,-93,-95,-93,-93,-86,-91,-83,-85,-74,-72,-73,-80,-81,-663,-97,-97,-93,-96,-91,-94,-91,-94,-96,-93,-58,-65,-65,-83,-65,-85,-49,-74,-57,-69,-69,-70,-70,-70,-49,-45,-44,-55,-55,-58,-58,-58,-50,-50,-48,-62,-48,-55,-47,-50,-40,-60,-45,-86,-86,-86,-86,-86,-86,-92,-92,-92,-93,-101,-101,-143,-143,-143,-143,-348,-152,-188,-152,-152,-151,-152,-151,-152,-152,-316,-316,-316,-278,-365,-329,-333,-352,-354,-321,-395,-411,-418,-414,-395,-392,-407,-236]} 1. e4 c5 2. Nf3 e6 3. g3 Nc6 4. Bg2 Nf6 5. Nc3 d6 6. O-O Be7 7. d4 cxd4 8. Nxd4 Bd7 9. Ndb5 Qb8 10. Bf4 Ne5 11. a4 a6 {B80: Sicilian Scheveningen: 6 g3 and 6 Be3, including English Attack.} 12. Nd4 Qc7 {[#]} 13. Bxe5 $146 (13. Bc1 $11) ({Predecessor:} 13. Re1 O-O 14. h3 Rac8 15. Be3 Rfd8 16. Kh2 h6 17. f4 Nc4 18. Bc1 e5 19. Nf3 {0-1 (43) Gu,T (2171)-Ju,W (2568) China 2018}) 13... dxe5 $15 {Black is slightly better.} 14. Nb3 Rc8 15. a5 Bb4 16. Na4 Bxa5 17. Nac5 Bb6 18. Nxd7 Nxd7 19. c3 O-O 20. Qe2 Rfd8 21. Rfd1 Nc5 22. Nxc5 Qxc5 23. Rac1 a5 24. Rc2 $2 {[%mdl 8192] [#]} (24. h4 $17) 24... Rxd1+ $2 (24... Qxf2+ $1 $19 {[%mdl 512]} 25. Qxf2 Rxd1+ 26. Bf1 Bxf2+ 27. Kxf2 Rcd8) 25. Qxd1 $17 Rd8 26. Qe2 g6 27. Bf1 Qd6 28. Qb5 Kg7 29. Be2 Rd7 30. Kg2 Qc7 31. Kg1 Bc5 32. Kg2 Be7 33. Kg1 Bf6 34. Kg2 Qd8 35. Kg1 b6 36. Kg2 Rd2 (36... h5 {is interesting.} 37. h4 Kf8 38. Bf3 Kg8 39. Be2 Rd6) 37. Rxd2 Qxd2 38. Bf1 Qd6 39. Qd3 Qc7 40. Qc4 Qb7 41. Bd3 Be7 42. Qa6 Qb8 43. Qb5 Bc5 44. Qd7 Qa8 45. f3 a4 {Hoping for ...a3.} 46. Bc4 Kf6 47. Qd2 Qc6 48. h4 Kg7 49. Qe2 a3 50. bxa3 Bxa3 51. Qd3 Bb2 52. Kh2 Qc5 53. Kg2 {[#]} Bxc3 $1 {[%mdl 512]} 54. g4 $2 ({Wrong is} 54. Qxc3 $2 b5 $19) (54. Bb5 $17 {keeps fighting.}) (54. Qe2 Bd4) 54... Bd4 (54... Be1 $19 {and Black stays clearly on top.} 55. Qf1 Bxh4) 55. Bb5 Qc1 56. Qf1 Qe3 57. Kg3 Bc5 58. Kg2 Qf4 59. Qc4 $2 (59. Qe1 $17) 59... Be7 $19 60. h5 Bh4 {( -> ...Qg3+)} 61. Qc3 gxh5 62. gxh5 Qg5+ 63. Kf1 Qxh5 64. Qe3 Bg5 {Black is winning.} 65. Qxb6 Qxf3+ 66. Qf2 Qxe4 {aiming for ...Qb1+.} 67. Be2 Qh1+ {Weighted Error Value: White=0.30/Black=0.23} (67... f5 $142 68. Qf3 Qb1+ 69. Kg2 Qb2) 0-1